00543 2200205 4500001002100000005001500021035002000036007000300056008004100059020002200100082000800122084001400130100001600144245004000160250001100200260005100211300004300262650001400305700001800319INLIS00000000000078120210505102250 a0010-0521000018ta210505 g 0 ind  a978-602-424-367-8 a011 a011 WIJ s0 aWiji Thukul1 aSeri Buku Saku Tempo /cWiji Thukul aCet. 1 aJakarta :bKepustakaan Populer Gramedia,c2017 axiv + 194 hlm. :bilus. ;c11 x 16 cm. aBuku Saku0 aArif Zulkifli